000 00549nam a2200193 a 4500
005 20200104041536.0
008 140307b2000 xxu||||| |||| 00| 0 spa d
041 _aspa
090 _aLB
_b02654
110 _bBirdLife International
_98096
245 _aJuntos por las aves y la gente
260 _as.l.
_bBirdLife International
_c2000
300 _a30 p.
650 _aAves
_917676
650 _aConservación de biodiversidad
_9345
650 _aEspecies amenazadas
_9157
650 _aAreas importantes para las aves
_917678
942 _cImpreso
_2z
999 _c2864
_d2864